Statistiques concernant Ville européenne à pays °17

Cliquez ici pour prendre le quiz!

Statistiques générales

  • Ce quiz a été pris 94 fois
  • Le résultat moyen est 11 sur 14

Statistiques - réponses

VillePays% Correct
NaplesItalie
100%
VarsoviePologne
100%
DortmundAllemagne
97%
UppsalaSuéde
88%
FunchalPortugal
86%
SaratovRussie
84%
KokkolaFinlande
82%
VarnaBulgarie
73%
EgerHongrie
71%
GalațiRoumanie
71%
GlyfádaGrece
70%
PärnuEstonie
68%
AkureyriIslande
58%
OlomoucTchèque Republique
40%

Distribution des résultats

Percentile par nombre de réponses

% des personnes avec chaque résultat

Votre développement - résultats

Vous n’avez pas pris ce quiz